Statistics for World's Best Futsal Player by Year

Click here to take the quiz!

General Stats

  • This quiz has been taken 7 times
  • The average score is 3 of 9

Answer Stats

YearPlayer% Correct
2012-11, 2006, 2004Falcão
100%
2018-14, 2010Ricardinho
100%
2021-19Ferrão
50%
2005Javi Rodríguez
17%
2009Kike
17%
2002-00Manoel Tobias
17%
2008Schumacher
17%
2013Sergio Lozano
17%
2007Shayakhmetov
0%

Score Distribution

Percentile by Number Answered

Percent of People with Each Score

Your Score History

You have not taken this quiz